000 00276nam a2200109Ia 4500
008 220214s9999 xx 000 0 und d
100 _aKinosita Koreo
245 0 _aSedimentation in tilted vessels
260 _bJournal of Wood Science
_c1949
300 _a525-536
942 _cRE
999 _c45939
_d45939